Quizzes
Events
Quiz Creation
Community
Videos
Private Events
Remove Ads
Sign In
Join for FREE
Feedback
Dark Mode
Quiz Categories
Sports
Geography
Music
Movies
Television
Just For Fun
Miscellaneous
History
Literature
Language
Science
Gaming
Entertainment
Religion
Holiday
For Kids
Quiz Lab
Recent
Popular Today
Quiz Kudos Today
Editor Picks
Curator Picks
Quizzes by...
Day
Popularity
Type
Ratings
Length
Year
Community
Subscriptions
Recent Discussions
Orange Saloon
Badges
Playlists
Quests
Create
Leaderboards
Showdown
Live 5
Trivia Bingo
Activity
Puzzle Library
Sporcle Events
Private Events
Virtual Trivia
Globe League
Become a Host
Pub Owners
SporcleCon
Opinionation
Our Games
Videos
Blog
Mobile Apps
Partnerships
Remove Ads and Go Orange
Feedback
Television
TV Characters
TV Show
Sitcom
Network
Friends
Reality Shows
Cast
South Park
Star Trek
The Simpsons
Doctor Who
Television
TV Characters
TV Show
Sitcom
Network
Friends
Reality Shows
Cast
South Park
Star Trek
The Simpsons
Doctor Who
Random Quiz
Search Sporcle
×
Quiz Lab
Quiz Lab
Television
TV Show
Type in answers that appear in a list
Type in answers that appear in a list
Classic
Best Score? Go Orange.
Power Rangers Seasons Stats
Can you name the Power Rangers Seasons?
By
NobodyCares
5m
30 Questions
5,323 Plays
5,323 Plays
5,323 Plays
Comments
Comments
Give Quiz Kudos
Give Quiz Kudos
-
- Ratings
hide this ad
More Info
Replay
Link that replays current quiz
Next Quiz
Link to next quiz in quiz playlist
You Got
0%
They Got
Avg Score
79%
Avg Friend Score
Upgrade to see
Score Distribution
Jump to the score distribution portion of the page
Score
0/30
Timer
05:00
2
Plays Today
Season
% Correct
Mighty Morphin Power Rangers Season 3
96.8%
Mighty Morphin Power Rangers Season 2
96.6%
Mighty Morphin Power Rangers Season 1
96.6%
Power Rangers Zeo
95%
Power Rangers Turbo
93.4%
Power Rangers in Space
92.3%
Power Rangers S.P.D.
92%
Power Rangers Dino Thunder
91.6%
Power Rangers Time Force
90.8%
Power Rangers Wild Force
90.6%
Power Rangers Lost Galaxy
90%
Power Rangers Ninja Storm
89.3%
Power Rangers Mystic Force
88.9%
Power Rangers Samurai
88.5%
Power Rangers Lightspeed Rescue
88%
Season
% Correct
Power Rangers RPM
87.8%
Power Rangers Megaforce
86.8%
Power Rangers Jungle Fury
85.7%
Power Rangers Dino Charge
83.1%
Power Rangers Super Megaforce
82.8%
Power Rangers Super Samurai
82.8%
Power Rangers Operation Overdrive
82.2%
Power Rangers Ninja Steel
79.7%
Power Rangers Dino Fury Season 2
76.1%
Power Rangers Beast Morphers Season 2
73.7%
Power Rangers Beast Morphers Season 1
73.4%
Power Rangers Super Ninja Steel
70.8%
Power Rangers Dino Fury Season 1
70.5%
Power Rangers Dino Super Charge
61.8%
Power Rangers Cosmic Fury
60.1%
Quiz Playlist
Details
Report
Send in Message
Add To Playlist
More Info:
Name all 27 seasons of the Power Rangers franchise.
Classic:
Type in answers that appear in a list
Quiz Source
Last Updated: Feb 28, 2020
Quiz Scoreboard
CHALLENGE
Sign Up to Join the Scoreboard
Show All
Scores
Hide
Comments
May contain spoilers
Recently Published
Street Fighter Characters
by Artimus82
Gaming
60s
9x9 Crossword: Cartoon Network
by jackfrog10
Miscellaneous
3m
College Basketball Coaching Resumes
by pancakes188
Sports
9m
More to Explore
Quiz From the Vault
Featured Blog Post
Where Did the Easter Bunny Come From?
hide this ad
You Might Also Like...
Tags
TV Show Quiz
Action
Adventure
Childrens TV
Kid Shows
Power
Power Rangers
Ranger
sci-fi
Sci-fi Television
season
Today's Top Quizzes in Television
Browse Television
hide this ad
Today's Top Quizzes in TV Show
Browse TV Show
Top Contributed Quizzes in Television
1
5-to-1: The Simpsons Families
2
5-to-1: Television Doctors
3
Adjectives in 80s TV Shows
4
Adjectives in 00s TV Shows
5
7-to-1: TV Show Settings
6
Adjectives in 10s TV Shows
7
Survivor Journey Challenge
8
5-to-1: Streaming Originals
9
Survivor Seasons
10
One Piece Logic Puzzle
Explore More
Trending Topics
Disney
Crossword
Kpop
NBA
Anime
Harry Potter
Marvel
Song
Country
WWE
Soccer
The Office
Puzzle
NFL
Pokémon
hide this ad
More By:
NobodyCares
Quiz
Plays
Rating
Category
Featured
Created
RuPaul's Drag Race Winners by Crowning Looks
7,989
4.42
Television
Jan 31, 2019
Super Sentai Seasons
6,708
5.00
Television
Jan 12, 2014
Bad Girls Club Participants
5,858
5.00
Television
Jul 12, 2013
Pretty Little Liars Characters by Image
5,386
4.33
Television
Jan 31, 2019
Power Rangers Seasons
5,323
4.88
Television
Jul 11, 2013
Go to Creator's Profile
Score Distribution
Quiz Creator Spotlight
NobodyCares
Follow
Send a Message
Quizzes Created
-
Created Quiz Play Count
-
More By This Creator
Popular Quizzes Today
1
Find the US States - No Outlines Minefield
2
Find the Countries of Europe - No Outlines Minefield
3
The Countries of the World
4
Find the US States
5
Risky Map Clicking: Biggest States A-Z
6
US States
7
Popular People in 1961
8
Movies - When Are They Set?
More Television Quizzes
Two and a Half Men Actor Match
Quiz Lab
Trending Quizzes
Risky Map Clicking: Least Populous States A-Z
1-10 Letter G Words
Risky Map Clicking: Next State Alphabetically
Adjectives in 80s TV Shows
The Seven Year Switch: Catherine
Recently Updated
Leaping Animals
pecheneg
Reality TV Shows (A-Z)
bhenderson79
Rickey Henderson's Hall of Fame Teammates
pecheneg
Champions League XIs: Arsenal
pecheneg
Quick Pick: Celebrities in WWE's Hall of Fame
aduchscher
A-Z Keypad Blitz II
pecheneg
Multiple Oscar Actors
pecheneg
Mystery Phrase Blitz: Oscar 'Best Actors'
pecheneg
F. Scott Fitzgerald Novels
LTH
Pick 3 Villains
ddd62291
Trending Topics
Harry Potter
Anime
Disney
NBA
Crossword
Marvel
Kpop
Country
WWE
The Office
Pokémon
NFL
Soccer
Song
Puzzle
Your Account Isn't Verified!
In order to create a playlist on Sporcle, you need to verify the email address you used during registration. Go to your
Sporcle Settings
to finish the process.
Report this User
Report this user for behavior that violates our
Community Guidelines
.
Details:
Send Report
Go to the Sporcle.com Mobile Site →
Comments